LEADER 01708nam 2200421 450 001 000017173 005 20050718115600.0 010 $a88-7078-687-0 100 $a20040119d2001----km-y0itay0103----ba 101 1 $aita 102 $aIT 200 1 $aMetodologia biochimica$ele bioscienze e le biotecnologie in laboratorio$fa cura di Keith Wilson e John Walker$gedizione italiana a cura di Mirella S. Pilone e Loredano Pollegioni 205 $aNuova edizione 210 $aMilano$cRaffaello Cortina Editore$dc2001 215 $aXX, 778 p.$cill.$d26 cm. 300 $aTit. orig.: Principles and techniques of practical biochemistry 300 $aTraduzione di Laura Cortesi, Maurizio Mattioli, Maria Zambrotta 606 $aChimica biologica$xRicerche di laboratorio 676 $a572.072$v(21. ed.)$9Biochimica. Ricerca; metodi statistici 702 1$aWilson,$bKeith 702 1$aWalker,$bJohn 702 1$aPilone$bMirella S. 702 1$aPollegioni,$bLoredano 801 0$aIT$bUniversità della Basilicata - B.I.A.$gRICA$2unimarc 912 $a000017173 996 $aMetodologia biochimica$975540 997 $aUNIBAS BAS $aMONSCI BAS $aSCIENZE CAT $aTORRE$b20$c20040119$lBAS01$h1622 CAT $c20050601$lBAS01$h1756 CAT $abatch$b01$c20050718$lBAS01$h1053 CAT $c20050718$lBAS01$h1112 CAT $c20050718$lBAS01$h1142 CAT $c20050718$lBAS01$h1156 FMT Z30 -1$lBAS01$LBAS01$mBOOK$1BASA2$APolo Tecnico-Scientifico$2DID$BDidattica$3CHI$6101328$5T101328$820040119$f98$FConsultazione Z30 -1$lBAS01$LBAS01$mBOOK$1BASA2$APolo Tecnico-Scientifico$2DID$BDidattica$3CHI$6101908$5T101908$820040402$f04$FPrestabile Didattica LEADER 02182oam 2200541 450 001 9910809699003321 005 20170523091620.0 010 $a988-220-666-2 010 $a988-8053-65-5 035 $a(OCoLC)814551260 035 $a(MiFhGG)GVRLA08K 035 $a(EXLCZ)992670000000132852 100 $a20121023d2011 uy 0 101 0 $aeng 135 $aurun|---uuuua 181 $ctxt 182 $cc 183 $acr 200 10$aCantonese society in Hong Kong and Singapore /$fessays by Marjorie Topley 205 $a1st edition. 210 $aHong Kong $cHong Kong University Press$dc2011 210 1$aHong Kong :$cHong Kong University Press,$d2011. 215 $a1 online resource (609 pages) 225 0 $aGale eBooks 225 0$aRoyal Asiatic Society Hong Kong studies series 300 $aDescription based upon print version of record. 311 $a988-8028-14-6 320 $aIncludes bibliographical references and index. 327 $aChinese ritual practice in Singapore -- Religious associations in Singapore and China -- Economy and society: Hong Kong and Guangdong -- Religion and society: Hong Kong and Guangdong -- Chinese and western medicine in Hong Kong. 330 $aThe volume collects the published articles of Dr Marjorie Topley, who was a pioneer in the field of social anthropology in the postwar period and also the first president of the revived Hong Kong Branch of the Royal Asiatic Society. 410 0$aRoyal Asiatic Society Hong Kong studies series. 606 $aChinese$zSingapore$xReligion 606 $aMedicine, Chinese$zChina$zHong Kong 606 $aChinese$zChina$zHong Kong$xEconomic conditions 606 $aChinese$zChina$zHong Kong$xReligion 615 0$aChinese$xReligion. 615 0$aMedicine, Chinese 615 0$aChinese$xEconomic conditions. 615 0$aChinese$xReligion. 676 $a951.25 700 $aTopley$b Marjorie$01708728 701 $aDeBernardi$b Jean Elizabeth$01708729 801 0$bMiFhGG 801 1$bMiFhGG 906 $aBOOK 912 $a9910809699003321 996 $aCantonese society in Hong Kong and Singapore$94097931 997 $aUNINA LEADER 02542oam 2200625I 450 001 9910959158103321 005 20251214175652.0 010 $a0-415-19631-0 010 $a1-136-28725-6 010 $a1-138-13040-0 010 $a1-315-00859-9 010 $a1-136-28718-3 024 7 $a10.4324/9781315008592 035 $a(CKB)2550000001094534 035 $a(EBL)1222857 035 $a(OCoLC)852757779 035 $a(Au-PeEL)EBL1222857 035 $a(CaPaEBR)ebr10727404 035 $a(CaONFJC)MIL501349 035 $a(OCoLC)851154632 035 $a(OCoLC)1058148197 035 $a(FINmELB)ELB134706 035 $a(CaSebORM)9780415196321 035 $a(MiAaPQ)EBC1222857 035 $a(EXLCZ)992550000001094534 100 $a20180331d1998 uy 0 101 0 $aeng 135 $aur|n|---||||| 181 $ctxt$2rdacontent 182 $cc$2rdamedia 183 $acr$2rdacarrier 200 00$aCritical realism $eessential readings /$fedited by Margaret Archer. [et al.] 205 $a1st edition 210 1$aLondon ;$aNew York :$cRoutledge,$d1998. 215 $a1 online resource (785 p.) 225 1 $aCritical realism--interventions 225 0$aCritical realism--interventions 300 $aDescription based upon print version of record. 311 08$a0-415-19632-9 311 08$a1-299-70098-5 320 $aIncludes bibliographical references and index. 327 $apt. 1. Transcendental realism and science -- pt. 2. Critical naturalism and social science -- pt. 3. The theory of explanatory critiques -- pt. 4. Dialectic and dialectical critical realism. 330 $aCritical realism is a movement in philosophy and the human sciences most closely associated with the work of Roy Bhaskar. Since the publication of Bhaskars A Realist Theory of Science, critical realism has had a profound influence on a wide range of subjects. This reader makes accessible, in one volume, key readings to stimulate debate about and within critical realism. It explores the following themes:* transcendental realist* the theory of explanatory critique* dialectics* Bhaskar's critical naturalist philosophy of science. 410 0$aCritical realism--interventions. 606 $aCritical realism 615 0$aCritical realism. 676 $a149/.2 701 $aArcher$b Margaret S$g(Margaret Scotford)$01158235 801 0$bMiAaPQ 801 1$bMiAaPQ 801 2$bMiAaPQ 906 $aBOOK 912 $a9910959158103321 996 $aCritical realism$94470185 997 $aUNINA